Applied Structural Steel Design / (Record no. 961)

MARC details
000 -LEADER
fixed length control field 00706nac a22002051u 4500
008 - FIXED-LENGTH DATA ELEMENTS--GENERAL INFORMATION
fixed length control field 100907t1997 ohu|||||r|||| 001 0 eng d
010 ## - LIBRARY OF CONGRESS CONTROL NUMBER
LC control number 96031114
020 ## - INTERNATIONAL STANDARD BOOK NUMBER
International Standard Book Number 0133815838
082 00 - DEWEY DECIMAL CLASSIFICATION NUMBER
Classification number 624.1821
Item number SPI
Edition number 22
100 ## - MAIN ENTRY--PERSONAL NAME
Personal name Spiegel, Leonard.
9 (RLIN) 18706
245 10 - TITLE STATEMENT
Title Applied Structural Steel Design /
Statement of responsibility, etc Leonard Spiegel, George F. Limbrunner.
250 ## - EDITION STATEMENT
Edition statement 3rd ed.
260 ## - PUBLICATION, DISTRIBUTION, ETC. (IMPRINT)
Place of publication, distribution, etc Upper Saddle River, N.J. :
Name of publisher, distributor, etc Prentice Hall,
Date of publication, distribution, etc c1997.
300 ## - PHYSICAL DESCRIPTION
Extent xiv, 530 p. :
Other physical details ill. ;
Dimensions 25 cm.
504 ## - BIBLIOGRAPHY, ETC. NOTE
Bibliography, etc Includes bibliographical references and index.
650 #0 - SUBJECT ADDED ENTRY--TOPICAL TERM
Topical term or geographic name as entry element Building, Iron and steel.
9 (RLIN) 18707
650 #0 - SUBJECT ADDED ENTRY--TOPICAL TERM
Topical term or geographic name as entry element Structural design.
9 (RLIN) 18708
700 1# - ADDED ENTRY--PERSONAL NAME
Personal name Limbrunner, George F.
9 (RLIN) 18709
942 ## - ADDED ENTRY ELEMENTS (KOHA)
Item type Book - Borrowing
Call number prefix 624.1821SPI
Source of classification or shelving scheme Dewey Decimal Classification
Holdings
Withdrawn status Item status Source of classification or shelving scheme Damaged status Not for loan Vendor Home library Current library Shelving location Date acquired Source of acquisition Cost, normal purchase price Total Checkouts Total Renewals Full call number Barcode Date last seen Date last borrowed Cost, replacement price Koha item type
    Dewey Decimal Classification       Central Library Central Library First floor 07/09/2010   217.50 4 38 624.1821 SPI 000003557 15/07/2025 16/01/2017 271.88 Book - Borrowing